01048nam a2200253Ia 4500001001200000003000800012006001900020007001500039008004100054020001500095040002100110035002100131050002300152245016900175260005700344300001100401533015200412650002700564650001400591655002900605710001700634856012600651999001700777ebr10072029CaPaEBRm u cr cn|||||||||021126s2000 dcu s 000 0 eng d z030907424X aCaPaEBRcCaPaEBR a(OCoLC)32032085314aQH443b.C65 2000eb00aColloquium on links between recombination and replicationh[electronic resource] :bvital roles of recombination /cProceedings of the National Academy of Sciences. aWashington, D.C. :bNational Academies Press,c2000. a303 p. aElectronic reproduction.bPalo Alto, Calif. :cebrary,d2009.nAvailable via World Wide Web.nAccess may be limited to ebrary affiliated libraries. 0aGenetic recombination. 0aGenomics. 7aElectronic books.2local2 aebrary, Inc.40uhttp://site.ebrary.com/lib/rucke/Doc?id=10072029zAn electronic book accessible through the World Wide Web; click to view c33643d33643